[Event "Mondragon op 14th"]
[Site "Mondragon"]
[Date "2014.12.23"]
[Round "2"]
[White "San Jose Madinabeitia, Iban"]
[Black "Montolio Benedicto, Cesar"]
[Result "0-1"]
[WhiteElo "1721"]
[BlackElo "1840"]
[PlyCount "110"]
[EventDate "2014.12.22"]
[EventType "swiss"]
[EventRounds "6"]
[EventCountry "ESP"]
[SourceTitle "CBM 164 Extra"]
[Source "ChessBase"]
[SourceDate "2015.03.02"]
[SourceVersion "1"]
[SourceVersionDate "2015.03.02"]
[SourceQuality "1"]

1. d4 Nf6 2. c4 g6 3. Nf3 Bg7 4. Nc3 d6 5. e4 0-0 6. h3 e5 7. d5 a5 8. Be3 Na6 9. a3 Bd7 10. Qd2 b6 11. Be2 Nc5 12. Qc2 Nh5 13. 0-0 f5 14. b4 axb4 15. axb4 Nxe4 16. Nxe4 fxe4 17. Ng5 Nf6 18. Nxe4 Nxe4 19. Rxa8 Qxa8 20. Qxe4 Bf5 21. Qh4 Qa2 22. Re1 Bf6 23. Bg5 Bxg5 24. Qxg5 Bd3 25. Qg4 Qd2 26. Kf1 Bxe2+ 27. Rxe2 Qd1+ 28. Re1 Qxg4 29. hxg4 Rf4 30. Rc1 Rxg4 31. f3 Rd4 32. Rc2 Kf7 33. Kf2 h5 34. g3 Ke7 35. Ke3 Kd7 36. b5 Ke7 37. Rc1 Kf6 38. Rc2 Kf5 39. Rc1 g5 40. Rc3 g4 41. f4 Re4+ 42. Kf2 exf4 43. gxf4 Kxf4 44. Rc2 h4 45. Kg2 h3+ 46. Kh2 Kf3 47. Rc1 Re2+ 48. Kh1 g3 49. Rf1+ Ke3 50. Rc1 Kd2 51. Ra1 Re1+ 52. Rxe1 Kxe1 53. Kg1 h2+ 54. Kg2 h1Q+ 55. Kxh1 Kf2 0-1

[Event "Mondragon op 13th"]
[Site "Mondragon"]
[Date "2013.12.29"]
[Round "6"]
[White "San Jose Madinabeitia, Iban"]
[Black "Estefano Rilova, Fernando"]
[Result "0-1"]
[WhiteElo "1762"]
[BlackElo "1533"]
[PlyCount "36"]
[EventDate "2013.12.26"]
[EventType "swiss"]
[EventRounds "6"]
[EventCountry "ESP"]
[SourceTitle "CBM 158 Extra"]
[Source "ChessBase"]
[SourceDate "2014.02.28"]
[SourceVersion "1"]
[SourceVersionDate "2014.02.28"]
[SourceQuality "1"]

1. d4 Nf6 2. c4 Nc6 3. Nf3 e6 4. Nc3 Bb4 5. Bg5 0-0 6. e4 Be7 7. Be2 Nh5 8. Bxe7 Qxe7 9. Ne5 Nxe5 10. dxe5 Nf4 11. Bf3 Qc5 12. g3 Ng6 13. Be2 Nxe5 14. 0-0 b6 15. Rc1 Bb7 16. Re1 f5 17. Bf1 fxe4 18. Qe2 Nf3+ 0-1

[Event "Arrasate Hiria op 11th"]
[Site "Arrasate"]
[Date "2011.10.21"]
[Round "2.8"]
[White "San Jose Madinabeitia, Iban"]
[Black "Montolio Benedicto, Cesar"]
[Result "1-0"]
[WhiteElo "760"]
[BlackElo "1973"]
[PlyCount "33"]
[EventDate "2011.10.14"]
[EventType "swiss"]
[EventRounds "6"]
[EventCountry "ESP"]
[SourceTitle "EXT 2024"]
[Source "ChessBase"]
[SourceDate "2023.10.10"]
[SourceVersion "1"]
[SourceVersionDate "2023.10.10"]
[SourceQuality "1"]

1. e4 e5 2. Nf3 Nf6 3. Bc4 Bc5 4. 0-0 Nc6 5. c3 d6 6. d4 exd4 7. cxd4 Bb6 8. Bg5 0-0 9. Nc3 Ne7 10. e5 dxe5 11. dxe5 Nd7 12. e6 fxe6 13. Bxe6+ Kh8 14. Nd5 Bc5 15. Rc1 c6 16. Rxc5 cxd5 17. Rxd5 1-0